000
00334nam a2200133Ia 4500
008
150201s2004 xx 000 0 und d
082
_a
610.72
_b
I04A
100
_a
AKHTAR,RAIS
245
_a
INDIA,HEALTHE CARE PATTERN AND PLANNINGS
250
_a
1ST
260
_b
AITBS
_a
DELHI
_c
2004
650
_a
COMMUNITY MEDICINE
942
_2
ddc
_c
BK
999
_c
1165
_d
1165